Most Vegan-Friendly U.S. States - Statistics

General Stats
  • This quiz has been taken 195 times
  • The average score is 9 of 12
Answer Stats
Restaurants per 100K Vegan friendly State % Correct
8.07 California
97%
6.34 New York
93%
7.14 Washington
93%
6.09 Florida
89%
15.95 Oregon
89%
6.33 Arizona
77%
22.44 Hawaii
73%
8.79 Colorado
69%
7.47 Massachusetts
66%
6.77 Nevada
66%
5.83 Maryland
60%
4.03 Georgia
58%
No matching quizzes found
Score Distribution
Percent of People with Each Score
Percentile by Number Answered
Your Score History
You have not taken this quiz